000 00517nam a2200205Ia 4500
003 0100
008 130227s9999 xx 000 0 und d
040 _cARRUPELIB
050 _aSPC GN1.P3 N.4
100 _aRichards, Audrey Isabel
245 _aBemba marriage and present economic conditions
260 _aManchester
260 _bManchester University Press
260 _C1969
300 _a124p
300 _b 21cm
440 _aThe Rhodes-Livingstone papers n.4
650 _bJesuits
942 _2lcc
_01
999 _c3228
_d3228